Practice in the Labour Courts : (Record no. 710)

MARC details
000 -LEADER
fixed length control field 00642nam a22001697a 4500
005 - DATE AND TIME OF INPUT
control field 20231116075813.0
008 - DATA ELEMENTS--GENERAL INFORMATION
fixed length control field 231116b |||||||| |||| 00| 0 eng d
020 ## - INTERNATIONAL STANDARD BOOK NUMBER
International Standard Book Number 0702146706
041 ## - LANGUAGE CODE
Language code of text English
082 ## - SHELF NUMBER
DDC number 344.1 LAN
100 ## - MAIN AUTHOR
Main author's name Landman, AA ; Van Niekerk, A and Wesley, M
Language of a work English
245 ## - TITLE STATEMENT
Title Practice in the Labour Courts :
Sub-title Practice and Procedure in the Labour Court and Labour Appeal Court of South Africa /
Statement of responsibility, etc. AA Landman, A van Niekerk and M Wesley
260 ## - PUBLICATION, DISTRIBUTION, ETC.
Place of publication, distribution, etc. Cape Town :
Name of publisher, distributor, etc. Juta and Company Ltd,
Date of publication, distribution, etc. 1998
300 ## - PHYSICAL DESCRIPTION
Other physical details xxxi,
Dimensions 26 cm.
650 ## - SUBJECT`
Broad subject Legal practice
Own subject terms Law
942 ## - ADDED ENTRY ELEMENTS (KOHA)
Item type Books
942 ## - ADDED ENTRY ELEMENTS (KOHA)
-- ALISON_BN_VRIES
Holdings
Source of classification or shelving scheme Not for loan Collection code Home library Current library Shelving location Date acquired Full call number Barcode Price effective from Koha item type
Dewey Decimal Classification   TEXT BOOKS LAW SOCIETY OF NAMIBIA LIBRARY - WINDHOEK LAW SOCIETY OF NAMIBIA LIBRARY - WINDHOEK Labour law 11/16/2023 344.1 LAN LSN/2004/108 11/16/2023 Books